| 000 | 00450cam a2200193ua 4500 | ||
|---|---|---|---|
| 020 | _c$21 | ||
| 041 |
_aeng _h |
||
| 082 |
_a928.21 _bMIL/RO |
||
| 100 | _aMiller, Betty . | ||
| 245 |
_aRobert Browning : A portrait / _cBetty Miller. _hTextual Documents |
||
| 250 |
_a1 / _b. |
||
| 260 |
_aLondon : _bJohn Murray , _c1952. |
||
| 300 | _a302 ; . | ||
| 365 | _a$21 | ||
| 504 | _a | ||
| 650 | _aBiography | ||
| 942 | _cBK | ||
| 999 |
_c420 _d420 |
||